000 00520cam a22001457a 4500
008 180718b2006 xxu||||| |||| 00| 0 eng d
082 _aAPPPA/2005-06/BAJ/2
100 _aBajpai, Sunil
245 _aAcquisition of rolling stock for Indian railways: some policy issues
_cby Sunil Bajpai
260 _aNew Delhi
_bIndian Institute of Public Administration
_c2006
300 _a99p.
500 _aAn APPPA M.Phil dissertatoin, 2005-06 (Guide: Prof. Aasha Kapur Mehta)
650 _aIndian railways
650 _aAcquisition
999 _c493418
_d493418